Finančné riadenie samospráv v kontexte ozdravného režimu a nútenej správy habilitačná prednáška
Salvato in:
| Autore principale: | |
|---|---|
| Ente Autore: | |
| Natura: | Libro |
| Lingua: | slovacco |
| Pubblicazione: |
Bratislava
Vydavateľstvo EKONÓM
2025
|
| Edizione: | 1. vydanie |
| Soggetti: | |
| Tags: |
Nessun Tag, puoi essere il primo ad aggiungerne!!
|
MARC
| LEADER | 00000nam a2200000 4500 | ||
|---|---|---|---|
| 001 | 0308813 | ||
| 005 | 20250602083913.4 | ||
| 020 | |a 978-80-225-5219-6 | ||
| 041 | 0 | |a slo | |
| 044 | |a SK | ||
| 245 | 1 | 0 | |a Finančné riadenie samospráv v kontexte ozdravného režimu a nútenej správy |b habilitačná prednáška |c Jozef Lukáč |
| 250 | |a 1. vydanie | ||
| 264 | 1 | |a Bratislava |b Vydavateľstvo EKONÓM |c 2025 | |
| 300 | |a 58 s. |e erráta | ||
| 610 | 2 | 0 | |a samospráva |
| 610 | 2 | 0 | |a riadenie finančné |
| 610 | 2 | 0 | |a financie verejné |
| 610 | 2 | 0 | |a konsolidácia |
| 100 | 1 | |a Lukáč, Jozef, 1991- | |
| 710 | 2 | |a Ekonomická univerzita v Bratislave. Podnikovohospodárska fakulta so sídlom v Košiciach | |